Salud digital en los sistemas de seguridad social en Las Américas y Europa: buenas prácticas y retos para una atención más inclusiva y sostenible (Registro nro. 22522)
[ vista simple ]
| 000 -Cabecera | |
|---|---|
| Campo de control interno | 02734nam a2200229 4500 |
| 001 - Número de control | |
| control field | ESSALUD |
| 007 - Tipo material - Descripcion fisica - info general | |
| Tipo material - Descripcion fisica - info general | ta |
| 008 - Elementos de Longitud Fija - Información General | |
| Elementos de Longitud Fija - Información | t2026 pe ||||| |||| 00| 0 spa d |
| 040 ## - Origen de la Catalogación | |
| Origen de la Catalogación | BMG |
| 041 ## - Idioma | |
| Idioma | spa |
| 100 ## - Autor | |
| Autor | Galán-Rodas, Edén |
| Rol del Autor | autor |
| 9 (RLIN) | 52703 |
| 245 ## - Titulo | |
| Titulo | Salud digital en los sistemas de seguridad social en Las Américas y Europa: buenas prácticas y retos para una atención más inclusiva y sostenible |
| 300 ## - Páginas | |
| Paginación | páginas 46-50 |
| 520 ## - Resumen | |
| Resumen | Los sistemas de seguridad social enfrentan presiones concurrentes: incremento de la demanda por transición demográfica y epidemiológica, expectativas de inmediatez en la atención, restricciones de recursos, y la necesidad de reducir inequidades y la huella ambiental del sector salud. La salud digital ofrece oportunidades para ampliar el acceso, mejorar la continuidad asistencial, optimizar procesos y fortalecer la experiencia del asegurado; sin embargo, puede profundizar brechas si no se implementa con enfoque de inclusión, gobernanza y acompañamiento humano. Este artículo especial sintetiza lecciones para instituciones de seguridad social a partir de un análisis documental temático de reportes de la Asociación Internacional de la Seguridad Social (AISS/ISSA), incluyendo sus directrices sobre Tecnologías de la Información y Comunicación, y de la Estrategia Global de Salud Digital 2020–2027 de la OMS como marco rector. Se presentan casos ilustrativos de Las Américas (ventanilla única digital VIVA/EsSalud en Perú; EDUS en Costa Rica; Historia Clínica Electrónica Nacional en Uruguay) y de Europa (apoderamientos digitales en Bélgica; mediación y materiales accesibles en Francia; modelo híbrido asistido en Letonia; autenticación biométrica en España). Los hallazgos se organizan en cinco ejes: (i) integración y simplificación de servicios (ventanilla única transformacional), (ii) inclusión digital deliberada y multicanalidad, (iii) interoperabilidad y continuidad clínica, (iv) confianza, seguridad y “human-in-the-loop”, y (v) sostenibilidad ambiental medible. Se proponen recomendaciones operativas orientadas a valor público: arquitectura interoperable, servicios integrados end-to-end, segmentación de usuarios, mediación y accesibilidad, gestión de servicios digitales (incluidos SLA) y métricas integradas de equidad, calidad/seguridad, eficiencia y sostenibilidad. |
| 650 ## - Temas - Descriptores | |
| Temas - Descriptores | ACCESIBILIDAD A LOS SERVICIOS DE SALUD |
| 9 (RLIN) | 1812 |
| 650 ## - Temas - Descriptores | |
| Temas - Descriptores | SEGURIDAD SOCIAL |
| 9 (RLIN) | 2070 |
| 650 ## - Temas - Descriptores | |
| Temas - Descriptores | AMÉRICAS |
| 9 (RLIN) | 1997 |
| 650 ## - Temas - Descriptores | |
| Temas - Descriptores | EUROPA |
| 9 (RLIN) | 250 |
| 653 ## - Palabras claves | |
| Palabras claves | SALUD DIGITAL |
| 773 0# - Revista (Relacion con el numero) | |
| Host Biblionumber | 22497 |
| Host Itemnumber | 22595 |
| Ciudad, Editorial | Lima : IETSI |
| Codigo barras item/ejemplar | CITES01 |
| Titulo de la Revista | Ciencia y Tecnología aplicada a la Salud Pública |
| Número de control de registro | ESSALUD |
| ISSN | 3119-7981 |
| 942 ## - Elementos de Koha | |
| Tipo de Documento | Artículos |
| Fecha procesamiento | 2026-06-11 |
| Catalogador | AFC |
No hay ítems disponibles.